| 000 | 00928nam a2200265 i 4500 | ||
|---|---|---|---|
| 001 | bg | ||
| 003 | BPK | ||
| 005 | 20190719095149.0 | ||
| 008 | 020718s1978 pl a f f |000 0 pol | ||
| 015 | _aPB 1978/9642 | ||
| 040 |
_aWA N _cBPK |
||
| 080 | _a53 | ||
| 080 | _a(075.8+076) | ||
| 245 | 0 | 0 |
_aĆwiczenia laboratoryjne z fizyki : _bpraca zbiorowa / _cpod ogólną red. Krystyna Kozłowskiego i Władysława Kolki. |
| 250 | _aWyd. 2. | ||
| 260 |
_aGdańsk : _bWydaw. Politechniki Gdańskiej, _c1978. |
||
| 300 |
_a273 s. : _bil., wykr. ; _c24 cm. |
||
| 504 | _aBibliogr. przy ćwiczeniach. | ||
| 650 | 4 |
_aFizyka _xszkoły wyższe. |
|
| 655 | 4 | _aĆwiczenia i zadania dla szkół wyższych | |
| 700 | 1 |
_aKozłowski, Krystyn. _eRed. |
|
| 700 | 1 |
_aKolka, Władysław. _eRed. |
|
| 856 |
_uhttp://koha.tu.koszalin.pl/cgi-bin/koha/opac-detail.pl?biblionumber=18443 _yKatalog online BPK |
||
| 942 |
_2UKD _cKS |
||
| 999 |
_c18443 _d18443 |
||